[Event "Manhem Chessweek GM"]
[Site "www.ssmanhem.se"]
[Date "2013.08.10"]
[Round "1"]
[White "Wallace, John-Paul"]
[Black "Blomqvist, Erik"]
[Result "1-0"]
[WhiteElo "2394"]
[BlackElo "2503"]
[PlyCount "63"]
[EventDate "2013.08.10"]

1. e4 c5 2. Nf3 Nc6 3. Bb5 Nf6 4. e5 Ng4 5. Bxc6 dxc6 6. d3 g6 7. Bf4 Bg7 8.
Qd2 f6 9. exf6 exf6 10. Nc3 O-O 11. h3 Re8+ 12. Kf1 Ne5 13. Nxe5 fxe5 14. Bh6
Bf5 15. Bxg7 Kxg7 16. Re1 Qd4 17. b3 Rad8 18. Ne2 Qb4 19. Qc1 Rf8 20. Qg5 Rde8
21. g4 Bc8 22. Kg2 h6 23. Qe3 b6 24. c4 Qa3 25. Qd2 Qa6 26. Ng3 Qb7 27. Re3 Qf7
28. Rhe1 Qf4 29. Qe2 Rf6 30. Ne4 Rff8 31. Nd2 Qd4 32. Qd1 1-0

[Event "Manhem Chessweek GM"]
[Site "www.ssmanhem.se"]
[Date "2013.08.10"]
[Round "1"]
[White "Smith, Axel"]
[Black "Semcesen, Daniel"]
[Result "1/2-1/2"]
[WhiteElo "2468"]
[BlackElo "2486"]
[PlyCount "47"]
[EventDate "2013.08.10"]

1. d4 d5 2. Nf3 Bf5 3. c4 e6 4. Nc3 c6 5. Qb3 b6 6. g3 h6 7. Bg2 Nf6 8. O-O Bd6
9. Nd2 O-O 10. e4 dxe4 11. Ndxe4 Nxe4 12. Nxe4 Bxe4 13. Bxe4 Qc7 14. Qc3 Nd7
15. b4 Nf6 16. Bg2 Rac8 17. Bd2 c5 18. bxc5 bxc5 19. Rac1 cxd4 20. Qxd4 Rfd8
21. Qe3 Nd7 22. Rc2 Ne5 23. Qe2 Nc6 24. Bxc6 1/2-1/2

[Event "Manhem Chessweek GM"]
[Site "www.ssmanhem.se"]
[Date "2013.08.10"]
[Round "1"]
[White "Bejtovic, Jasmin"]
[Black "Rozentalis, Eduardas"]
[Result "1/2-1/2"]
[WhiteElo "2392"]
[BlackElo "2607"]
[PlyCount "98"]
[EventDate "2013.08.10"]

1. e4 e6 2. d4 d5 3. Nc3 Bb4 4. e5 c5 5. a3 Bxc3+ 6. bxc3 Ne7 7. Nf3 Bd7 8. a4
Qa5 9. Qd2 Nbc6 10. Bd3 f6 11. exf6 gxf6 12. dxc5 e5 13. c4 Qxd2+ 14. Nxd2 Nb4
15. cxd5 Nxd3+ 16. cxd3 Nxd5 17. Ne4 Bc6 18. Bd2 Rg8 19. g3 O-O-O 20. f3 h5 21.
Ke2 Kb8 22. Nd6 Rd7 23. Rhc1 Nc7 24. Rc4 Ne6 25. Be3 Rgd8 26. Ra3 Re7 27. Nf5
Rc7 28. Rac3 a5 29. Rc1 Rd5 30. Ra1 Be8 31. Nd6 Bg6 32. Ne4 f5 33. Nc3 Rd8 34.
f4 exf4 35. gxf4 h4 36. Nb5 Bh5+ 37. Kd2 Rg7 38. c6 bxc6 39. Rxc6 Rg2+ 40. Kc3
Rc8 41. Rxc8+ Kxc8 42. Nd6+ Kd7 43. Nxf5 Rxh2 44. Rb1 Bf3 45. Rb8 h3 46. Rh8
Bd1 47. Rh7+ Kc6 48. Ne7+ Kb7 49. Nf5+ Kc6 1/2-1/2

[Event "Manhem Chessweek GM"]
[Site "www.ssmanhem.se"]
[Date "2013.08.10"]
[Round "1"]
[White "Bae, Torstein"]
[Black "Berg, Emanuel"]
[Result "0-1"]
[WhiteElo "2453"]
[BlackElo "2539"]
[PlyCount "68"]
[EventDate "2013.08.10"]

1. d4 Nf6 2. Nf3 g6 3. c4 Bg7 4. Nc3 O-O 5. Bg5 h6 6. Bh4 c5 7. d5 d6 8. e4 e6
9. Nd2 Re8 10. Be2 exd5 11. cxd5 Na6 12. O-O Nc7 13. a4 Rb8 14. f4 b6 15. Qc2
a6 16. Nc4 b5 17. axb5 axb5 18. Na5 Bd7 19. Bf3 b4 20. Ne2 Qc8 21. h3 Bb5 22.
Rfe1 Nd7 23. Kh1 Ra8 24. Bf2 Ra6 25. Ng3 Qd8 26. Nb7 Qb8 27. Na5 Qd8 28. Nb7
Qa8 29. Rxa6 Qxa6 30. Nxc5 dxc5 31. Bxc5 Nxd5 32. Be3 Nxe3 33. Rxe3 Qa1+ 34.
Kh2 Bd4 0-1

[Event "Manhem Chessweek GM"]
[Site "www.ssmanhem.se"]
[Date "2013.08.10"]
[Round "1"]
[White "Nithander, Victor"]
[Black "Hillarp Persson, Tiger"]
[Result "1/2-1/2"]
[WhiteElo "2437"]
[BlackElo "2529"]
[PlyCount "96"]
[EventDate "2013.08.10"]

1. e4 d6 2. d4 Nf6 3. Nc3 g6 4. f4 Bg7 5. Nf3 O-O 6. Bd3 Nc6 7. e5 dxe5 8. dxe5
Nd5 9. Nxd5 Qxd5 10. Qe2 Bf5 11. Bxf5 gxf5 12. c4 Qe6 13. Bd2 f6 14. Bc3 fxe5
15. fxe5 a5 16. O-O Rad8 17. Rf2 Qd7 18. Qe3 e6 19. Re1 b6 20. Qg5 Qe8 21. Qh4
Qg6 22. a4 Rfe8 23. Ng5 Rd3 24. Nh3 Qh6 25. Rf4 Ne7 26. Qf2 Ng6 27. Rf3 Rxf3
28. Qxf3 Bf8 29. Rd1 Bc5+ 30. Kh1 Qh4 31. Qc6 Re7 32. b3 Qg4 33. Rd8+ Kf7 34.
Qf3 h6 35. Rd1 Qxf3 36. gxf3 Nh4 37. Rd3 Ke8 38. Be1 Ng6 39. f4 Rd7 40. Rxd7
Kxd7 41. Kg2 Kc6 42. Kf3 Bd4 43. Ke2 Bc5 44. Kd3 Kd7 45. Ke2 Ke8 46. Bf2 Bxf2
47. Kxf2 Nf8 48. Ng1 Nd7 1/2-1/2

[Event "Manhem Chessweek GM"]
[Site "www.ssmanhem.se"]
[Date "2013.08.11"]
[Round "2"]
[White "Berg, Emanuel"]
[Black "Blomqvist, Erik"]
[Result "1-0"]
[WhiteElo "2539"]
[BlackElo "2503"]
[PlyCount "83"]
[EventDate "2013.08.10"]

1. e4 c5 2. d4 cxd4 3. c3 d3 4. Bxd3 Nc6 5. c4 g6 6. Nf3 Bg7 7. O-O d6 8. h3
Nf6 9. Nc3 Nd7 10. Nd5 O-O 11. Rb1 e6 12. Ne3 a5 13. Bc2 Nc5 14. a3 f5 15. exf5
gxf5 16. b4 axb4 17. axb4 Ne4 18. Bxe4 fxe4 19. Nh2 d5 20. cxd5 exd5 21. b5 Ne7
22. Bb2 d4 23. Qb3+ Kh8 24. Rbd1 Qd6 25. Rxd4 Bxd4 26. Rd1 Qe6 27. Bxd4+ Kg8
28. Nhg4 h5 29. Qxe6+ Bxe6 30. Nf6+ Kf7 31. Nxe4 Bb3 32. Rd3 Ba4 33. Nd6+ Ke6
34. Nxb7 Bxb5 35. Nc5+ Kf7 36. Rb3 Bc6 37. Nc4 Bd5 38. Nd6+ Kg6 39. Rg3+ Kh6
40. Bg7+ Kh7 41. Nd7 Rf4 42. Be5 1-0

[Event "Manhem Chessweek GM"]
[Site "www.ssmanhem.se"]
[Date "2013.08.11"]
[Round "2"]
[White "Hillarp Persson, Tiger"]
[Black "Bejtovic, Jasmin"]
[Result "1-0"]
[WhiteElo "2529"]
[BlackElo "2392"]
[PlyCount "72"]
[EventDate "2013.08.10"]

1. d4 Nf6 2. c4 g6 3. Nc3 Bg7 4. e4 d6 5. Nf3 O-O 6. Be2 c5 7. O-O cxd4 8. Nxd4
Nc6 9. Nc2 a6 10. Kh1 Be6 11. Bd2 Rc8 12. f4 Bd7 13. Rc1 a5 14. Be3 h5 15. h3
Nb4 16. Nd4 Ne8 17. a3 Na6 18. f5 Nf6 19. fxg6 fxg6 20. Nf3 Qe8 21. e5 dxe5 22.
Nxe5 Bf5 23. Nf3 Nc5 24. Bxc5 Rxc5 25. b4 axb4 26. axb4 Rc8 27. c5 Bh6 28. Qb3+
Kg7 29. Rce1 Qd8 30. Rd1 Qc7 31. Nd4 Bd7 32. Bb5 e5 33. Ne6+ Bxe6 34. Qxe6 h4
35. Rxf6 Rxf6 36. Rd7+ Rf7 1-0

[Event "Manhem Chessweek GM"]
[Site "www.ssmanhem.se"]
[Date "2013.08.11"]
[Round "2"]
[White "Rozentalis, Eduardas"]
[Black "Smith, Axel"]
[Result "1-0"]
[WhiteElo "2607"]
[BlackElo "2468"]
[PlyCount "111"]
[EventDate "2013.08.10"]

1. e4 e5 2. Nf3 Nc6 3. Bb5 Nf6 4. d3 Bc5 5. c3 O-O 6. O-O d6 7. h3 Ne7 8. d4
Bb6 9. Re1 c6 10. Bf1 Ng6 11. Nbd2 Re8 12. Qc2 Bc7 13. dxe5 dxe5 14. Nc4 h6 15.
a4 Nh7 16. Ne3 Ng5 17. Nxg5 hxg5 18. g3 Nf8 19. b3 Ne6 20. Ba3 Qf6 21. Rad1 Nf8
22. Rd2 Be6 23. Nf5 g6 24. Nh6+ Kg7 25. Ng4 Bxg4 26. hxg4 Rad8 27. Red1 Rxd2
28. Rxd2 Rd8 29. Rxd8 Qxd8 30. Bc1 Bb6 31. Bc4 Qd7 32. Qe2 f6 33. b4 a5 34. Bb3
Kh6 35. bxa5 Bxa5 36. Ba3 Nh7 37. Qc4 Bb6 38. a5 Bxa5 39. Qg8 Qg7 40. Qe8 Bxc3
41. Bg8 Qh8 42. Qe6 Qg7 43. Be7 Bd4 44. Bxh7 Kxh7 45. Bxf6 Qf8 46. Kg2 c5 47.
f4 exf4 48. e5 fxg3 49. Kxg3 b5 50. Qd7+ Kg8 51. Qd5+ Qf7 52. e6 Qc7+ 53. Kg2
Kh7 54. Bxd4 cxd4 55. Qd7+ Qxd7 56. exd7 1-0

[Event "Manhem Chessweek GM"]
[Site "www.ssmanhem.se"]
[Date "2013.08.11"]
[Round "2"]
[White "Semcesen, Daniel"]
[Black "Wallace, John-Paul"]
[Result "1-0"]
[WhiteElo "2486"]
[BlackElo "2394"]
[PlyCount "81"]
[EventDate "2013.08.10"]

1. d4 Nf6 2. c4 g6 3. Nc3 Bg7 4. e4 d6 5. h3 O-O 6. Nf3 Na6 7. Bg5 Qe8 8. g4 c5
9. Bg2 cxd4 10. Nxd4 Bd7 11. O-O Rc8 12. b3 h5 13. f3 Nc7 14. a4 a6 15. a5 hxg4
16. hxg4 Nh7 17. Be3 e5 18. Nde2 Qe7 19. Qd2 Be6 20. Rad1 Rfd8 21. g5 Bf8 22.
Nd5 Bxd5 23. exd5 Ne8 24. Ng3 Ng7 25. Bh3 Ra8 26. Rf2 Re8 27. Bg4 f5 28. gxf6
Nxf6 29. Bg5 Qd8 30. Rh2 Nxg4 31. fxg4 Qd7 32. Qe2 Be7 33. Be3 Rf8 34. Rh6 g5
35. Ne4 Rf4 36. Bxf4 gxf4 37. Rxd6 Qxd6 38. Nxd6 Bxd6 39. b4 Bxb4 40. Qxe5 f3
41. d6 1-0

[Event "Manhem Chessweek GM"]
[Site "www.ssmanhem.se"]
[Date "2013.08.11"]
[Round "2"]
[White "Bae, Torstein"]
[Black "Nithander, Victor"]
[Result "0-1"]
[WhiteElo "2453"]
[BlackElo "2437"]
[PlyCount "76"]
[EventDate "2013.08.10"]

1. e4 d6 2. d4 Nf6 3. Nc3 g6 4. Nf3 Bg7 5. h3 O-O 6. Be3 Nc6 7. d5 Nb8 8. Qd2
c6 9. Bh6 Qa5 10. Bxg7 Kxg7 11. Nd4 a6 12. g4 cxd5 13. exd5 b5 14. Bg2 Bb7 15.
g5 Nh5 16. Bf3 b4 17. Nce2 e5 18. Bxh5 exd4 19. Qxd4+ Kg8 20. Bf3 Nd7 21. O-O
Rae8 22. c4 bxc3 23. Nxc3 Qd8 24. h4 f6 25. gxf6 Rxf6 26. Bg2 Ref8 27. f4 Rf5
28. Qf2 Rxf4 29. Qxf4 Rxf4 30. Rxf4 Qb6+ 31. Kh1 Qxb2 32. Re1 Qxc3 33. Re8+ Kg7
34. Re7+ Kh6 35. Rxd7 Bxd5 36. Kg1 Qc5+ 37. Kh2 Qc2 38. Rg4 Be6 0-1

[Event "Manhem Chessweek GM"]
[Site "www.ssmanhem.se"]
[Date "2013.08.11"]
[Round "3"]
[White "Bejtovic, Jasmin"]
[Black "Bae, Torstein"]
[Result "1/2-1/2"]
[WhiteElo "2392"]
[BlackElo "2453"]
[PlyCount "34"]
[EventDate "2013.08.10"]

1. Nf3 c5 2. c4 Nc6 3. g3 g6 4. Bg2 Bg7 5. Nc3 e6 6. O-O Nge7 7. e3 Nf5 8. Ne4
b6 9. d4 cxd4 10. Nxd4 O-O 11. Nxc6 dxc6 12. Qc2 Ba6 13. Rd1 Qe7 14. Bd2 Rfd8
15. Bc3 e5 16. b3 Rxd1+ 17. Rxd1 Rd8 1/2-1/2

[Event "Manhem Chessweek GM"]
[Site "www.ssmanhem.se"]
[Date "2013.08.11"]
[Round "3"]
[White "Smith, Axel"]
[Black "Hillarp Persson, Tiger"]
[Result "1/2-1/2"]
[WhiteElo "2468"]
[BlackElo "2529"]
[PlyCount "44"]
[EventDate "2013.08.10"]

1. d4 d6 2. Nf3 Bg4 3. e4 Nf6 4. Nc3 e6 5. h3 Bh5 6. Qe2 a6 7. g4 Bg6 8. h4 h5
9. g5 Nfd7 10. Bf4 Be7 11. O-O-O b5 12. Qe3 Nb6 13. Nd2 O-O 14. Bh2 d5 15. Bg2
c5 16. Ne2 dxe4 17. Bxe4 Nd5 18. Qh3 c4 19. Bxg6 fxg6 20. Qxe6+ Kh7 21. Ne4 Qd7
22. Qxd7 Nxd7 1/2-1/2

[Event "Manhem Chessweek GM"]
[Site "www.ssmanhem.se"]
[Date "2013.08.11"]
[Round "3"]
[White "Nithander, Victor"]
[Black "Berg, Emanuel"]
[Result "1/2-1/2"]
[WhiteElo "2437"]
[BlackElo "2539"]
[PlyCount "87"]
[EventDate "2013.08.10"]

1. e4 e6 2. d4 d5 3. Nd2 Nf6 4. e5 Nfd7 5. f4 c5 6. c3 Nc6 7. Ndf3 Qb6 8. a3
Be7 9. b4 cxd4 10. cxd4 a6 11. h4 Qc7 12. h5 b5 13. Ne2 Nb6 14. Kf2 Bd7 15. g4
f6 16. h6 g6 17. exf6 Bxf6 18. g5 Be7 19. Ra2 O-O 20. Bh3 Nc4 21. Kg2 a5 22.
Nc3 axb4 23. Nxb5 Qb8 24. a4 Rxf4 25. Ne5 N6xe5 26. Bxf4 Qf8 27. Bc1 Nf7 28.
Rf2 Qc8 29. Qf3 Be8 30. Re1 Ra6 31. Kg1 Qd7 32. Qg3 Rc6 33. Bf4 Nd8 34. Bc7 Nf7
35. Bf4 Nd8 36. Rfe2 Bf7 37. Rf1 Be8 38. Ref2 Nf7 39. Rf3 Nd8 40. Qf2 Nf7 41.
Qg3 Bd8 42. Kh1 Qe7 43. R3f2 Ra6 44. Re1 1/2-1/2

[Event "Manhem Chessweek GM"]
[Site "www.ssmanhem.se"]
[Date "2013.08.11"]
[Round "3"]
[White "Wallace, John-Paul"]
[Black "Rozentalis, Eduardas"]
[Result "0-1"]
[WhiteElo "2394"]
[BlackElo "2607"]
[PlyCount "75"]
[EventDate "2013.08.10"]

1. Nf3 Nf6 2. c4 e6 3. Nc3 Bb4 4. Qb3 c5 5. a3 Ba5 6. g3 Nc6 7. Bg2 d5 8. O-O
O-O 9. d3 h6 10. Bf4 Re8 11. Ne5 Nd4 12. Qd1 Bc7 13. e3 Nf5 14. g4 Nh4 15. Bh1
Nh7 16. Bg3 Ng5 17. h3 Nxh3+ 18. Kh2 Ng5 19. Nb5 Bb8 20. f4 Nh7 21. b4 a6 22.
Nc3 d4 23. Ne2 Ng6 24. bxc5 dxe3 25. d4 Bxe5 26. fxe5 Qg5 27. Ng1 Rd8 28. Nh3
Qe7 29. Re1 Bd7 30. Bxb7 Ba4 31. Qf3 Rab8 32. c6 Rxd4 33. Qxe3 Rxg4 34. Nf2
Rxg3 35. Qxg3 Qc7 36. Qg2 Ng5 37. Nd3 Nh4 38. Rh1 0-1

[Event "Manhem Chessweek GM"]
[Site "www.ssmanhem.se"]
[Date "2013.08.12"]
[Round "4"]
[White "Nithander, Victor"]
[Black "Bejtovic, Jasmin"]
[Result "1/2-1/2"]
[WhiteElo "2437"]
[BlackElo "2392"]
[PlyCount "60"]
[EventDate "2013.08.10"]

1. e4 c5 2. Nf3 Nc6 3. d4 cxd4 4. Nxd4 g6 5. c4 Nf6 6. Nc3 d6 7. Be2 Bg7 8. Nc2
O-O 9. O-O Nd7 10. Bd2 Nc5 11. b4 Ne6 12. Rc1 a5 13. a3 axb4 14. axb4 Ncd4 15.
Nxd4 Nxd4 16. Bd3 Ra3 17. Rb1 Be6 18. Re1 Qc8 19. Re3 Bh6 20. Rg3 Bxd2 21. Qxd2
Bxc4 22. Bf1 e5 23. Qc1 Rb3 24. Rxb3 Bxb3 25. Qh6 Qd7 26. h4 Be6 27. h5 Qe7 28.
hxg6 fxg6 29. Nb5 Nxb5 30. Bxb5 Rc8 1/2-1/2

[Event "Manhem Chessweek GM"]
[Site "www.ssmanhem.se"]
[Date "2013.08.12"]
[Round "4"]
[White "Hillarp Persson, Tiger"]
[Black "Wallace, John-Paul"]
[Result "1-0"]
[WhiteElo "2529"]
[BlackElo "2394"]
[PlyCount "103"]
[EventDate "2013.08.10"]

1. d4 Nf6 2. c4 g6 3. Nc3 Bg7 4. e4 d6 5. Nf3 O-O 6. Be2 Na6 7. Bg5 h6 8. Be3
c6 9. Nd2 e5 10. d5 Nh7 11. g4 Qh4 12. Rg1 Ng5 13. Nf3 Nxf3+ 14. Bxf3 Bd7 15.
Qd2 Kh7 16. O-O-O cxd5 17. cxd5 Nc5 18. Kb1 b5 19. Rc1 b4 20. Ne2 a5 21. Ng3
Rfc8 22. Be2 Bxg4 23. Bxg4 Qxg4 24. f3 Qh3 25. Bxc5 dxc5 26. Rc4 a4 27. Qe2 a3
28. b3 Ra6 29. Nf1 Rf6 30. Nd2 h5 31. Rg3 Qh4 32. Rc2 Bh6 33. Nc4 Qf4 34. Rg1
Qxf3 35. Qxf3 Rxf3 36. Nxe5 Rf4 37. Nc4 Rxe4 38. Nd6 Rce8 39. Nxe4 Rxe4 40. Rd1
Rh4 41. d6 Bg5 42. Rxc5 Bd8 43. Rc8 Bg5 44. Rc2 Kh6 45. d7 Bd8 46. Rc8 Bg5 47.
Rd2 f5 48. Rh8+ Kg7 49. d8=Q Bxd8 50. Rhxd8 Re4 51. R8d4 Re1+ 52. Kc2 1-0

[Event "Manhem Chessweek GM"]
[Site "www.ssmanhem.se"]
[Date "2013.08.12"]
[Round "4"]
[White "Rozentalis, Eduardas"]
[Black "Blomqvist, Erik"]
[Result "0-1"]
[WhiteElo "2607"]
[BlackElo "2503"]
[PlyCount "136"]
[EventDate "2013.08.10"]

1. e4 c5 2. Nf3 Nc6 3. Bb5 e6 4. O-O Nge7 5. Re1 a6 6. Bf1 d5 7. exd5 Nxd5 8.
d4 Nf6 9. Be3 Be7 10. Nc3 cxd4 11. Nxd4 Bd7 12. Qd2 O-O 13. Rad1 Rc8 14. Bg5
Qb6 15. Nb3 Rfd8 16. Qf4 Nb4 17. Bxf6 Bxf6 18. Ne4 Be7 19. Nd6 Bxd6 20. Rxd6
Bc6 21. Red1 Rxd6 22. Qxd6 Nxc2 23. a3 g6 24. Rd3 Ne1 25. Rc3 Rd8 26. Qc5 Qxc5
27. Nxc5 Rd1 28. f3 Bb5 29. Kf2 Bxf1 30. Kxf1 Nd3+ 31. Ke2 Nxb2 32. Nxb7 Rg1
33. Kf2 Ra1 34. Kg3 Kg7 35. Rc7 Rxa3 36. Nd6 Kf6 37. Rb7 Ra2 38. Ne4+ Ke5 39.
Rxf7 Nc4 40. Rxh7 Ne3 41. h4 Rxg2+ 42. Kh3 Rc2 43. h5 gxh5 44. Rxh5+ Nf5 45.
Rh8 Kf4 46. Rf8 a5 47. Ra8 Ra2 48. Nc5 Nd4 49. Rd8 Ke3 50. f4 Rc2 51. Nb7 a4
52. Ra8 Rc7 53. Nd6 Kf3 54. Kh4 Kxf4 55. Kh5 Rc6 56. Nf7 Rc4 57. Ra5 Nb3 58.
Ra6 Rc5+ 59. Kg6 Ra5 60. Rb6 Nd4 61. Rb2 a3 62. Ra2 e5 63. Ng5 e4 64. Nh3+ Kf3
65. Ng1+ Ke3 66. Nh3 Ne2 67. Ng5 Nc3 68. Ra1 a2 0-1

[Event "Manhem Chessweek GM"]
[Site "www.ssmanhem.se"]
[Date "2013.08.12"]
[Round "4"]
[White "Berg, Emanuel"]
[Black "Semcesen, Daniel"]
[Result "1/2-1/2"]
[WhiteElo "2539"]
[BlackElo "2486"]
[PlyCount "107"]
[EventDate "2013.08.10"]

1. e4 e5 2. Nf3 Nc6 3. Bb5 a6 4. Ba4 Nf6 5. O-O Nxe4 6. d4 b5 7. Bb3 d5 8. dxe5
Be6 9. Nbd2 Nc5 10. c3 Bg4 11. h3 Bh5 12. Bc2 Ne6 13. Re1 Bc5 14. Nf1 O-O 15.
Ng3 Bg6 16. Nf5 Qd7 17. g4 Rad8 18. b4 Bb6 19. a4 d4 20. axb5 axb5 21. Be4 Ne7
22. cxd4 Nxd4 23. N5xd4 Bxd4 24. Nxd4 Qxd4 25. Qxd4 Rxd4 26. Bg2 Nd5 27. Bb2
Rd2 28. Bc1 Rd4 29. Bxd5 Rxd5 30. f4 Bc2 31. Ra7 Rc8 32. Be3 h5 33. Kf2 hxg4
34. hxg4 Rd1 35. Rxd1 Bxd1 36. Kg3 Kf8 37. f5 Ke7 38. Ra2 Rd8 39. Ra7 Rd3 40.
Kf4 Kd7 41. g5 Rb3 42. Bc5 Rf3+ 43. Ke4 Rf1 44. Bd6 Bc2+ 45. Kd5 Bb3+ 46. Kd4
Rc1 47. Bc5 Rf1 48. Bd6 Rc1 49. Bc5 Rf1 50. Kc3 Rf3+ 51. Kb2 Bc4 52. Bd6 Rxf5
53. Rxc7+ Ke6 54. g6 1/2-1/2

[Event "Manhem Chessweek GM"]
[Site "www.ssmanhem.se"]
[Date "2013.08.13"]
[Round "5"]
[White "Bejtovic, Jasmin"]
[Black "Berg, Emanuel"]
[Result "1/2-1/2"]
[WhiteElo "2392"]
[BlackElo "2539"]
[PlyCount "96"]
[EventDate "2013.08.10"]

1. c4 g6 2. g3 Bg7 3. Nc3 Nc6 4. Bg2 d6 5. e4 e5 6. Nge2 Be6 7. d3 Qd7 8. O-O
Nge7 9. Nd5 O-O 10. Be3 f5 11. Qd2 Rf7 12. Rac1 Raf8 13. f3 Nd8 14. b4 Nc8 15.
b5 c6 16. bxc6 bxc6 17. exf5 Bxf5 18. Ndc3 Bh3 19. f4 Bxg2 20. Kxg2 exf4 21.
Nxf4 Ne7 22. Nfe2 Nf5 23. Ne4 Ne6 24. Rce1 d5 25. Nc5 Nxc5 26. Bxc5 Rd8 27. Nf4
dxc4 28. Re4 cxd3 29. Rf3 Bh6 30. Rxd3 Qxd3 31. Qxd3 Rxd3 32. Nxd3 Rd7 33. Nb4
Rd2+ 34. Kh3 a5 35. Nxc6 Rxa2 36. Re8+ Kf7 37. Ra8 Bd2 38. g4 Rc2 39. Ne5+ Kf6
40. Nd7+ Ke6 41. Nf8+ Kf7 42. Ra7+ Kg8 43. Nxh7 Rc3+ 44. Kg2 Ne3+ 45. Bxe3 Rxe3
46. Nf6+ Kf8 47. Nh7+ Kg8 48. Nf6+ Kf8 1/2-1/2

[Event "Manhem Chessweek GM"]
[Site "www.ssmanhem.se"]
[Date "2013.08.13"]
[Round "5"]
[White "Wallace, John-Paul"]
[Black "Bae, Torstein"]
[Result "0-1"]
[WhiteElo "2394"]
[BlackElo "2453"]
[PlyCount "172"]
[EventDate "2013.08.10"]

1. Nf3 Nf6 2. c4 g6 3. Nc3 d5 4. cxd5 Nxd5 5. Qa4+ Bd7 6. Qh4 Bc6 7. Ne5 Bg7 8.
Nxc6 Nxc6 9. e3 Qd7 10. Qe4 O-O-O 11. Be2 Ndb4 12. O-O f5 13. Qc4 Nd3 14. b4 e5
15. b5 Na5 16. Qa4 b6 17. Ba3 Bf8 18. Bxf8 Rhxf8 19. Rab1 Kb8 20. Rfd1 g5 21.
a3 Qe6 22. Qc2 Qc4 23. Rdc1 e4 24. Na2 Qxc2 25. Rxc2 Nc5 26. Kf1 Rd6 27. Nc3
Nab3 28. Rbb2 Rfd8 29. Nb1 f4 30. f3 fxe3 31. dxe3 Re8 32. fxe4 Rxe4 33. Rc3
Na5 34. Rd2 Rf6+ 35. Kg1 Nab7 36. Rd5 h6 37. Nd2 Re7 38. Nc4 Ne4 39. Rcd3 Nbc5
40. R3d4 Nd6 41. Ne5 Kb7 42. Bf3 Rxf3 43. gxf3 Nxb5 44. Rb4 c6 45. Ng6 Rg7 46.
Rxb5 cxd5 47. Ne5 Kc7 48. Ng4 h5 49. Nh6 Re7 50. Kf2 Re5 51. Rb1 Kc6 52. Rg1
Nd3+ 53. Ke2 Nb2 54. Nf7 Re7 55. Nh6 Nc4 56. Nf5 Re8 57. Rxg5 Nxe3 58. Ng7 Re7
59. Kd3 Nc4 60. Nf5 Re1 61. a4 Ne5+ 62. Kc3 Nxf3 63. Rxh5 Kc5 64. Rh7 d4+ 65.
Kb3 d3 66. Kc3 d2 67. Rh5 Rc1+ 68. Kb2 Kb4 69. Ne3 d1=Q 70. Nxd1 Rxd1 71. h3
Rd2+ 72. Kc1 Kxa4 73. Rf5 Rd3 74. h4 Nd4 75. Rf2 Kb4 76. h5 Rh3 77. Rf7 Rxh5
78. Rxa7 Rh2 79. Rg7 b5 80. Kb1 Kc4 81. Rg3 b4 82. Re3 Nb5 83. Rg3 Nc3+ 84. Kc1
Kb3 85. Rg2 Na2+ 86. Kb1 Rh1+ 0-1

[Event "Manhem Chessweek GM"]
[Site "www.ssmanhem.se"]
[Date "2013.08.13"]
[Round "5"]
[White "Smith, Axel"]
[Black "Nithander, Victor"]
[Result "1-0"]
[WhiteElo "2468"]
[BlackElo "2437"]
[PlyCount "107"]
[EventDate "2013.08.10"]

1. e4 d6 2. d4 Nf6 3. Nc3 g6 4. f4 Bg7 5. Nf3 O-O 6. e5 Ne8 7. Be3 Na6 8. Qd2
Bg4 9. Be2 c5 10. dxc5 dxe5 11. Qxd8 Rxd8 12. Nxe5 Bxe2 13. Kxe2 Bxe5 14. fxe5
Nb4 15. Rad1 Nc7 16. Rxd8 Rxd8 17. Rd1 Rxd1 18. Kxd1 Nc6 19. a3 Ne6 20. Nd5 g5
21. Nb4 Nxe5 22. c6 Nxc6 23. Nxc6 bxc6 24. Bxa7 Kf8 25. b4 Ke8 26. Kd2 Kd7 27.
Be3 f5 28. c4 h5 29. a4 Kc7 30. b5 cxb5 31. cxb5 f4 32. Bf2 g4 33. a5 Kb7 34.
Kd3 Nc7 35. Kc4 e5 36. b6 Na6 37. Kd5 Nb4+ 38. Ke4 Nc6 39. Be1 Ka6 40. Kd5 Kb7
41. a6+ Kxb6 42. Bf2+ Kxa6 43. Kxc6 e4 44. g3 e3 45. Bg1 e2 46. Bf2 f3 47. Be1
Ka7 48. Bf2+ Ka6 49. Be1 Ka7 50. Kb5 Kb8 51. Kb6 Kc8 52. Kc6 Kb8 53. Bf2 Kc8
54. Kd6 1-0

[Event "Manhem Chessweek GM"]
[Site "www.ssmanhem.se"]
[Date "2013.08.13"]
[Round "5"]
[White "Semcesen, Daniel"]
[Black "Rozentalis, Eduardas"]
[Result "0-1"]
[WhiteElo "2486"]
[BlackElo "2607"]
[PlyCount "96"]
[EventDate "2013.08.10"]

1. d4 Nf6 2. c4 e6 3. Nc3 Bb4 4. a3 Bxc3+ 5. bxc3 Ne4 6. Nh3 c5 7. Qc2 Qa5 8.
Bb2 d5 9. e3 cxd4 10. exd4 Nc6 11. f3 Nf6 12. O-O-O O-O 13. Kb1 Bd7 14. Nf4
Rfc8 15. cxd5 exd5 16. Bd3 Qc7 17. g3 Na5 18. Rde1 Qd6 19. Re5 Nc4 20. Bxc4
Rxc4 21. g4 Rac8 22. Qd2 Be6 23. Rhe1 R4c6 24. Nh5 Nxh5 25. gxh5 h6 26. Rg1 Kh8
27. Qg2 Rg8 28. Rge1 Qd7 29. Ka1 Rgc8 30. f4 f6 31. R5e3 Rg8 32. h3 Ra6 33. Qe2
Bf5 34. c4 Be4 35. Rxe4 dxe4 36. Qxe4 Qxh3 37. Ka2 Qxh5 38. d5 Rd6 39. Qe7 Rgd8
40. Qxb7 Rb6 41. Qe7 Rdb8 42. Bd4 R6b7 43. Qe2 Qh3 44. Qe3 Qd7 45. Qc3 Qa4 46.
Bxf6 Rb3 47. Bxg7+ Kg8 48. Qa1 Rxa3# 0-1

[Event "Manhem Chessweek GM"]
[Site "www.ssmanhem.se"]
[Date "2013.08.13"]
[Round "5"]
[White "Blomqvist, Erik"]
[Black "Hillarp Persson, Tiger"]
[Result "0-1"]
[WhiteElo "2503"]
[BlackElo "2529"]
[PlyCount "68"]
[EventDate "2013.08.10"]

1. e4 c5 2. Nf3 d6 3. d4 cxd4 4. Qxd4 Nc6 5. Bb5 Bd7 6. Qd3 Nf6 7. O-O a6 8.
Bxc6 Bxc6 9. Re1 h6 10. c4 e5 11. Nc3 Be7 12. Nd2 O-O 13. Nf1 b5 14. Ne3 bxc4
15. Qxc4 Qd7 16. Qd3 Rfb8 17. b3 a5 18. Rb1 Bf8 19. Nc4 Qb7 20. Bd2 Ra6 21. f3
Qa8 22. Red1 Bd7 23. Be1 Be6 24. Rbc1 Rc8 25. Na4 Rcc6 26. Bf2 Qb7 27. Rc2 d5
28. exd5 Nxd5 29. Qe4 Nb4 30. Rcd2 Qc7 31. Nxe5 Rc1 32. Qe2 Rd6 33. Rxd6 Bxd6
34. Bg3 Bxe5 0-1

[Event "Manhem Chessweek GM"]
[Site "www.ssmanhem.se"]
[Date "2013.08.14"]
[Round "6"]
[White "Nithander, Victor"]
[Black "Wallace, John-Paul"]
[Result "1/2-1/2"]
[WhiteElo "2437"]
[BlackElo "2394"]
[PlyCount "148"]
[EventDate "2013.08.10"]

1. c4 c6 2. Nf3 d5 3. g3 Bg4 4. Bg2 e6 5. O-O Nd7 6. cxd5 exd5 7. d3 Ngf6 8.
Nc3 Be7 9. Qc2 O-O 10. Bf4 Nc5 11. Nd4 a5 12. h3 Be6 13. Rad1 Qb6 14. e4 Rad8
15. Be3 Qa6 16. f4 dxe4 17. dxe4 Rfe8 18. b3 Bf8 19. Bf2 Bc8 20. Rfe1 Ne6 21.
Bf1 Qa8 22. Na4 Nxd4 23. Bxd4 b5 24. Nc5 Rxd4 25. Rxd4 Qa7 26. Rc1 Nd7 27. Rxd7
Bxd7 28. Bg2 Rd8 29. Qf2 Be8 30. e5 Bxc5 31. Qxc5 Rd1+ 32. Kh2 Qxc5 33. Rxc5
Rd2 34. a4 Kf8 35. Kh1 Rd1+ 36. Kh2 Rd2 37. Kh1 Rd3 38. Bxc6 Bxc6+ 39. Rxc6
Rxg3 40. Kh2 Rf3 41. axb5 Rxf4 42. e6 Rb4 43. exf7 Rxb5 44. Ra6 Kxf7 45. Kg2 g6
46. Ra7+ Kf6 47. Rxh7 Rxb3 48. Ra7 Rb2+ 49. Kg3 Rb3+ 50. Kg2 Rb5 51. h4 Rb2+
52. Kg3 Rb3+ 53. Kg2 Rb2+ 54. Kg3 Rb3+ 55. Kg2 Ra3 56. Ra6+ Kf5 57. Kf2 Ra1 58.
Kf3 Ra3+ 59. Kf2 a4 60. Ke2 Ra1 61. Kf3 Ra3+ 62. Kg2 Kg4 63. Rxg6+ Kxh4 64. Ra6
Ra1 65. Kf3 a3 66. Ra5 Rg1 67. Kf2 Rg3 68. Ra8 Rb3 69. Ke2 Rb2+ 70. Kd3 a2 71.
Kc3 Rf2 72. Kb3 Kg5 73. Rxa2 Rxa2 74. Kxa2 Kh4 1/2-1/2

[Event "Manhem Chessweek GM"]
[Site "www.ssmanhem.se"]
[Date "2013.08.14"]
[Round "6"]
[White "Berg, Emanuel"]
[Black "Rozentalis, Eduardas"]
[Result "1/2-1/2"]
[WhiteElo "2539"]
[BlackElo "2607"]
[PlyCount "82"]
[EventDate "2013.08.10"]

1. e4 Nf6 2. e5 Nd5 3. d4 d6 4. c4 Nb6 5. exd6 exd6 6. d5 Be7 7. Bd3 N8d7 8.
Ne2 Ne5 9. h3 O-O 10. b3 Bg5 11. Bc2 Bxc1 12. Qxc1 Qh4 13. Nbc3 Bd7 14. Qf4
Qxf4 15. Nxf4 Rfe8 16. O-O-O Re7 17. c5 dxc5 18. d6 cxd6 19. Ncd5 Nxd5 20. Nxd5
Re6 21. Nc7 Rd8 22. Nxe6 Bxe6 23. Be4 Nc6 24. Rhe1 g6 25. Bxc6 bxc6 26. Re4 h5
27. Ra4 Rd7 28. h4 Kg7 29. Kd2 Kf6 30. Re1 Rb7 31. f3 c4 32. b4 Bd7 33. a3 c5
34. Ra6 cxb4 35. axb4 Rxb4 36. Rxd6+ Be6 37. Rc1 a5 38. Ra6 a4 39. Ra5 c3+ 40.
Rxc3 Rxh4 41. Ke3 Rb4 1/2-1/2